| 000 | 00938nas a2200289 i 4500 | ||
|---|---|---|---|
| 001 | 1744 | ||
| 003 | ES-MaACL | ||
| 005 | 20250721062537.0 | ||
| 007 | t| | ||
| 008 | 950801d19661971sp a| | 1 ||pa d | ||
| 022 | _a0081-3370 | ||
| 080 | _a31 | ||
| 245 | 0 | 0 |
_aInforme sobre la distribución de las rentas / _cInstituto Nacional de Estadística. |
| 260 |
_aMadrid : _bInstituto Nacional de Estadística, Oficina Técnica de Rentas, _c1966-1971. |
||
| 300 |
_a10 v. ; _c26 cm. |
||
| 310 | _aAnual | ||
| 362 | 0 | _a1965-1970. | |
| 650 | 1 | 4 |
_aEstadística. _912520 |
| 650 | 1 | 7 |
_aEconomía _2embne _912006 |
| 655 | 7 |
_2tgfbne _9226866 _aRevistas |
|
| 710 | 2 |
_aInstituto Nacional de Estadística (España) _95162 |
|
| 852 |
_aES-MaACL _jHEM-1896 _zExpurgado marzo 2025: posterior 1958; completo en BNE |
||
| 866 | 0 | _o1967,1969-1970,1972-1979. | |
| 942 |
_2udc _cPERIODICA |
||
| 999 |
_c1744 _d1744 |
||